| 000 | 01386cam a2200325 a 4500 | ||
|---|---|---|---|
| 999 |
_c684 _d684 |
||
| 001 | 28184187 | ||
| 003 | OCoLC | ||
| 005 | 20180822124844.0 | ||
| 008 | 930506s1993 ilua 000 0 eng | ||
| 010 | _a93024631 | ||
| 020 |
_a0842382275 : _c$17.99 |
||
| 020 | _a9780842382274 | ||
| 020 | _a0842382372 (pbk.) | ||
| 020 | _a9780842382373 (pbk.) | ||
| 035 | _a.b33376499 | ||
| 035 |
_a(OCoLC)28184187 _z(OCoLC)173162433 |
||
| 040 |
_aDLC _cDLC _dBAKER _dBTCTA _dHNW _dYDXCP _dOCLCG _dJQD _dWUOHS _dK3N _dOH6 |
||
| 050 | 0 | 0 |
_aBT732.7 _b.D628 1993 |
| 082 | 0 | 0 |
_a231.8 _220 _bD635W |
| 100 | 1 |
_aDobson, James C., _d1936- |
|
| 245 | 1 | 0 |
_aWhen God doesn't make sense / _cJames Dobson |
| 260 |
_aWheaton, Ill. : _bTyndale House, _cc1993 |
||
| 300 |
_a250 p. : _bcol. ill. ; _c23 cm |
||
| 505 | 0 | _aWhen God doesn't make sense -- The betrayal barrier -- God makes sense even when he doesn't make sense -- Acceptance or despair -- "He will deliver us, but if not--" -- Questions and answers -- The adversity principle -- Faith must be tough -- The wages of sin -- More questions and answers -- Beyond the betrayal barrier | |
| 520 | _aArgues that those facing illness, bereavement, divorce, or rejection should retain their faith in God and not feel betrayed | ||
| 650 | 0 |
_aSuffering _xReligious aspects _xChristianity |
|
| 650 | 0 | _aTheodicy | |
| 650 | 2 | _aStress, Psychological | |
| 942 |
_2ddc _cBK |
||